|
|
|
|
| LEADER |
00000nab a2200000 ar4500 |
| 001 |
vtls008410929 |
| 003 |
SK-MaSNL |
| 005 |
20260304142223.0 |
| 008 |
250505c20030219xo |r|p|||||||100 b|slo |
| 015 |
|
|
|a SNBRB2005/11
|2 snkbucl
|
| 035 |
|
|
|a urn:nbn:sk:snk-ab82cf
|
| 035 |
|
|
|a (urnnbn)urn:nbn:sk:snk:ar-0063yk
|
| 035 |
|
|
|a (uuid)f240e864-586d-43b8-92ce-92297ddd132a
|
| 038 |
|
|
|a SNKBUCL
|
| 040 |
|
|
|a SNKBUCL
|b slo
|c SNKBUCL
|e AACR2
|
| 041 |
0 |
|
|a slo
|
| 044 |
|
|
|a xo
|c SK
|
| 080 |
|
|
|a 929
|x (036)
|2 1981
|
| 080 |
|
|
|a 82-94
|2 1981
|
| 100 |
1 |
|
|a Gonda, Milan,
|d 1954-
|4 aut
|9 104767
|
| 245 |
1 |
0 |
|a Biografické snaženia na Orave
|c Milan Gonda
|
| 610 |
2 |
7 |
|a Oravská knižnica (Dolný Kubín, Slovensko)
|2 snkbucl
|9 33812
|
| 650 |
0 |
7 |
|a biografistika
|2 snkbucl
|9 74588
|
| 650 |
0 |
7 |
|a biografické slovníky
|2 snkbucl
|9 376861
|
| 650 |
0 |
7 |
|a regionálne biografické slovníky
|2 snkbucl
|9 1458316
|
| 651 |
|
7 |
|a Orava (Slovensko : región)
|2 snkbucl
|9 116635
|
| 651 |
|
7 |
|a Dolný Kubín (Slovensko)
|2 snkbucl
|9 168992
|
| 773 |
0 |
|
|t Biografické štúdie 29
|d Martin : Slovenská národná knižnica, 2003
|g S. 52-55
|z 80-89023-29-0
|
| 850 |
|
|
|a Slovenská národná knižnica
|
| 852 |
|
|
|a Slovenská národná knižnica
|
| 856 |
4 |
1 |
|u http://www.snk.sk/images/Edicna_cinnost/Zborniky/Biograficke_studie/29/bs29_52_55.pdf
|
| 954 |
|
|
|a odborná, vedecká literatúra cudzojazyčná (svetová)
|2 lita
|
| 958 |
|
|
|a article9
|
| 958 |
|
|
|a OND
|
| 958 |
|
|
|a EUIPO
|
| 999 |
|
|
|c 2920713
|d 2922643
|